3D Printer (Record no. 33091)
[ view plain ]
| 000 -LEADER | |
|---|---|
| fixed length control field | 00480nam a2200133Ia 4500 |
| 008 - FIXED-LENGTH DATA ELEMENTS--GENERAL INFORMATION | |
| fixed length control field | 260210s9999 xx 000 0 und d |
| 024 ## - OTHER STANDARD IDENTIFIER | |
| Standard number or code | 10B-19-EE, 10B-103-EE, 10B-105-EE, 10B-108-EE & 10B-133-EE |
| 082 ## - DEWEY DECIMAL CLASSIFICATION NUMBER | |
| Classification number | 621.902072 MUH |
| 100 ## - MAIN ENTRY--PERSONAL NAME | |
| Personal name | Muhammad Shahid, Usama Palla, Mohsin Ayub Baig, Syed Muhammad Waqas & Ovais Haroon Mirza |
| 245 #0 - TITLE STATEMENT | |
| Title | 3D Printer |
| 260 ## - PUBLICATION, DISTRIBUTION, ETC. | |
| Place of publication, distribution, etc. | Karachi: |
| Name of publisher, distributor, etc. | UITU, |
| Date of publication, distribution, etc. | 2010 |
| 600 ## - SUBJECT ADDED ENTRY--PERSONAL NAME | |
| Personal name | Electronic Engineering |
| 650 ## - SUBJECT ADDED ENTRY--TOPICAL TERM | |
| Topical term or geographic name entry element | Bachelor of Engineering (BE) |
No items available.

